| 000 | 00525nam a2200193Ia 4500 | ||
|---|---|---|---|
| 001 | 16636 | ||
| 003 | IN-NITTTR | ||
| 005 | 20251114233157.0 | ||
| 008 | 251113s9999||||xx |||||||||||||| ||eng|| | ||
| 040 | _beng | ||
| 040 | _cIN-NITTTR | ||
| 041 | _aeng | ||
| 082 | _a658.4032 J63T | ||
| 100 | _aJohnson, Richard A. | ||
| 245 | 4 |
_aThe theory and management of systems. / _cJohnson, Richard A., Kast, Fremont E., Rosenzweig, James E. |
|
| 700 | _a Kast, Fremont E. | ||
| 700 | _a Rosenzweig, James E. | ||
| 942 |
_2ddc _cBK |
||
| 999 |
_c19270 _d19270 |
||